00861nam a22002411 450000100060000000300080000600500170001400800410003103500190007203500190009104000380011004100080014808200200015610000280017624501090020426000480031330000180036165000230037971000430040294200120044599900170045795201450047434192BD-RjUL20211209052124.0140514s1956 nyu 000 0 eng d a(BD-RjUL)34286 a(OCoLC)1444672 aDLCcFJdOCoLCdDLCdBD-RjULbeng aeng00a365.6bOHS 19561 aOhlin, Lloyd E.910394810aSociology and the field of corrections /cPrepared for the American Sociology Society by Lloyd E. Ohlin. aNew York :bRussell Sage Foundation,c1956. a58 p.c23 cm. 0aPrisoners.91039492 aAmerican Sociological Society.9103950 2ddccBK c34192d34192 00102ddc40718NFICaRUCLbRUCLcReadingd1963-02-01eMirza Book Agencyg2.50l0o365.6 OHS 1956r2014-05-14 00:00:00tC-1w2014-05-14yBK